| 000 | 00686nam a2200193 a 4500 | ||
|---|---|---|---|
| 008 | 100805s2007 ||||||||||||||||| || u | ||
| 020 | _a9781405130707 | ||
| 050 | _aTH 435 Kir | ||
| 100 | _aKirkham, Richard | ||
| 245 | 1 | 0 |
_aFerry and Brandon's cost planning of buildings. (8th ed.) _cRichard Kirkham |
| 250 | _a8th ed | ||
| 260 |
_aOxford _bBlackwell Publishing _c2007 |
||
| 300 | _axii, 403p.: ill. | ||
| 350 | _a0.00 | ||
| 650 | _aBUILDING | ||
| 650 | _aBUILDING--COST CONTROL | ||
| 650 | _aBUILDING--ESTIMATES | ||
| 995 |
_D0.00 _FCBU-MAIN LIBRARY (Kitwe) _H1 _I0.00 _M1 _UOUT _WAug 23, 2010 _ZMain Library Open Access Collection |
||
| 999 |
_c43217 _d43217 |
||